000 00475nam a2200157 4500
001 127587
003 ES-MaACL
005 20230906193036.0
007 t|
008 070214s1923 fr r ||||1| fre d
100 1 _aRignano, Eugenio.
_997209
245 1 3 _aLa memoire biologique
_b: essais d'une conception philosophique nouvelle de la vie /
_cEugenio Rignano.
260 _aParis :
_bErnest Flammarion,
_c1923.
300 _a247 p. ;
_c21 cm.
852 _aES-MaACL
_jF-6438
999 _c127587
_d127587